[Event "FIDE World Rapid Team"]
[Site "London ENG"]
[Date "2025.06.12"]
[Round "6.4"]
[White "Mamedov, Edgar"]
[Black "Banerjee, Supratit"]
[Result "1/2-1/2"]
[WhiteTitle "IM"]
[BlackTitle "FM"]
[WhiteElo "2509"]
[BlackElo "2311"]
[WhiteTeam "Barys.kz"]
[BlackTeam "English Knightmares"]
[WhiteFideId "13739980"]
[BlackFideId "2410079"]
[EventDate "2025.06.11"]
[EventType "team"]

1. d4 Nf6 2. c4 g6 3. Nc3 Bg7 4. e4 d6 5. Nf3 O-O 6. Be2 e5 7. O-O exd4 8. Nxd4
Re8 9. f3 c6 10. Kh1 d5 11. cxd5 cxd5 12. Bg5 Nc6 13. Nxc6 bxc6 14. exd5 cxd5
15. Bb5 Bd7 16. Bxd7 Qxd7 17. Bxf6 Bxf6 18. Nxd5 Qd6 19. Nxf6+ Qxf6 20. Qd2 Rad8
21. Qf2 a5 22. Rad1 a4 23. h3 Qf4 24. Rfe1 h5 25. Rxe8+ Rxe8 26. Kg1 Qc4 27. a3
Re2 28. Rd8+ Kg7 29. Qd4+ Qxd4+ 30. Rxd4 Rxb2 31. Rxa4 Ra2 32. h4 f6 33. Ra7+
Kh6 34. Ra6 Kg7 35. Ra7+ Kh6 36. Kh2 g5 37. Ra6 Kg6 38. hxg5 Kxg5 39. a4 h4 40.
Ra8 Ra1 41. Rg8+ Kh5 42. Ra8 Kg5 43. Rg8+ Kh5 44. Rg4 f5 45. Rb4 Kg5 46. g3
hxg3+ 47. Kxg3 Rg1+ 48. Kf2 Ra1 49. f4+ Kg4 50. Rc4 Ra3 51. Ke2 Rf3 52. Kd2 Ra3
53. Kc2 Re3 54. Kb2 Re4 55. Rxe4 fxe4 56. f5 e3 57. Kc2 Kg3 58. f6 e2 59. f7
e1=Q 60. f8=Q Qe2+ 61. Kc3 Qe3+ 62. Kc4 Qe4+ 63. Kb5 Qb7+ 64. Kc5 Qa7+ 65. Kb4
Qb6+ 66. Kc4 Qa6+ 67. Kb4 Qb6+ 68. Kc3 Qe3+ 69. Kb4 Qe4+ 70. Ka5 Qd5+ 71. Kb6
Qb3+ 72. Ka5 Qd5+ 73. Kb4 Qe4+ 74. Kb3 Qe3+ 75. Kc4 Qe4+ 76. Kb5 Qb7+ 77. Kc5
Qa7+ 78. Kb4 Qb6+ 1/2-1/2

[Event "FIDE World Rapid Team"]
[Site "London ENG"]
[Date "2025.06.12"]
[Round "6.5"]
[White "Hng, Mei-En Emmanuelle"]
[Black "Balabayeva, Xeniya"]
[Result "0-1"]
[WhiteTitle "WFM"]
[BlackTitle "WGM"]
[WhiteElo "2136"]
[BlackElo "2352"]
[WhiteTeam "English Knightmares"]
[BlackTeam "Barys.kz"]
[WhiteFideId "5804566"]
[BlackFideId "13719688"]
[EventDate "2025.06.11"]
[EventType "team"]

1. e4 c6 2. d4 d5 3. e5 Bf5 4. h4 h5 5. c4 e6 6. Nc3 dxc4 7. Bxc4 Nd7 8. Nf3 Bg4
9. Be2 Ne7 10. Bg5 Qb6 11. Bxe7 Bxe7 12. O-O Rd8 13. Re1 Qxb2 14. Ne4 Bxf3 15.
Bxf3 Nxe5 16. Rb1 Qxd4 17. Qxd4 Rxd4 18. Rxb7 Nxf3+ 19. gxf3 Bxh4 20. Rc1 O-O
21. Rc2 c5 22. Rxc5 Ra4 23. Rc2 Ra5 24. Nd6 Rd5 25. Nc8 a5 26. Ra7 Rfd8 27. Rcc7
Rf5 28. Kg2 Rd3 29. Ra8 Kh7 30. Ne7 Bxe7 31. Rxe7 Rdxf3 32. Rxa5 Rxf2+ 33. Kg1
Rxa5 34. Kxf2 Rxa2+ 35. Kg3 Kg6 0-1

[Event "FIDE World Rapid Team"]
[Site "London ENG"]
[Date "2025.06.12"]
[Round "6.6"]
[White "Nurakyn, Suleiman"]
[Black "Jain, Gautam"]
[Result "1-0"]
[WhiteElo "1773"]
[BlackElo "1979"]
[WhiteTeam "Barys.kz"]
[BlackTeam "English Knightmares"]
[WhiteFideId "447003073"]
[BlackFideId "425311"]
[EventDate "2025.06.11"]
[EventType "team"]

1. d4 Nf6 2. c4 g6 3. Nc3 Bg7 4. e4 d6 5. h3 O-O 6. Nf3 c6 7. Be3 e5 8. d5 cxd5
9. cxd5 Na6 10. Be2 Ne8 11. g4 f5 12. gxf5 gxf5 13. exf5 Bxf5 14. Qd2 Nb4 15.
Rc1 Rc8 16. Bh6 Qf6 17. Bxg7 Nxg7 18. a3 Na6 19. b4 Nb8 20. a4 Nd7 21. a5 a6 22.
Rg1 Bg6 23. Qg5 Qf7 24. Rg2 Qf4 25. Qxf4 Rxf4 26. Rg4 Rxg4 27. hxg4 Nf6 28. Kd2
Nxg4 29. Rf1 Nf6 30. Nh4 Ne4+ 31. Nxe4 Bxe4 32. Bd3 Bxd5 33. Rg1 Kh8 34. Rg4 Rf8
35. Ke3 Be6 36. Rg5 Rf6 37. Nf3 Nf5+ 38. Ke2 Ne7 39. Rh5 Ng6 40. Bxg6 Rxg6 41.
Ke3 Bg4 42. Rh4 Kg7 43. Nd2 d5 44. f4 exf4+ 45. Kxf4 Bd7 46. Ke5 Bc6 47. Nf3 Rg3
48. Nd4 Re3+ 49. Kd6 Re4 50. Ne6+ Kg8 51. Rh1 Rg4 52. Rf1 h5 53. Ke7 Rg2 54.
Rf8+ Kh7 55. Rf7+ Kh6 56. Rf6+ Rg6 57. Rf8 Rxe6+ 58. Kxe6 Kg5 59. Ke5 Kg4 60.
Rg8+ Kh3 61. Kf4 h4 62. Rh8 d4 63. Kg5 Kg3 64. Rxh4 Kf3 65. Rxd4 Ke3 66. Rh4 Kd3
67. Kf5 Kc3 68. Ke5 Kb3 69. Kd6 Ka4 70. Kc5 Kb3 71. Rf4 Kc3 72. Rd4 Bb5 73. Rh4
Kb3 74. Rh7 Bc6 75. Rc7 Bg2 76. b5 axb5 77. Kxb5 Bd5 78. Rc5 Be4 79. Kb6 Kb4 80.
Rh5 Bg2 81. Rh4+ Kc3 82. Rg4 Bd5 83. Kc5 Bh1 84. Rg3+ Kc2 85. Kb6 Be4 86. Rg7
Kc3 87. Rxb7 1-0

[Event "FIDE World Rapid Team"]
[Site "London ENG"]
[Date "2025.06.12"]
[Round "6.1"]
[White "Martinez Alcantara, Jose Eduardo"]
[Black "Amartuvshin, Ganzorig"]
[Result "1-0"]
[WhiteTitle "GM"]
[BlackTitle "IM"]
[WhiteElo "2611"]
[BlackElo "2430"]
[WhiteTeam "Theme International Trading"]
[BlackTeam "Mongolia-A"]
[WhiteFideId "3805662"]
[BlackFideId "4902548"]
[EventDate "2025.06.11"]
[EventType "team"]

1. c4 Nf6 2. Nf3 e6 3. g3 d5 4. Bg2 d4 5. O-O c5 6. e3 Nc6 7. exd4 cxd4 8. d3
Bd6 9. Bg5 h6 10. Bxf6 Qxf6 11. Nbd2 Qd8 12. Rc1 O-O 13. Re1 Re8 14. a3 a5 15.
c5 Bf8 16. Qa4 e5 17. b4 Bd7 18. b5 Na7 19. Nxe5 Bxb5 20. Qb3 Re7 21. Ndc4 Bxc4
22. Nxc4 a4 23. Qxa4 Rc7 24. Nb6 Rb8 25. Qxa7 Bxc5 26. Rxc5 1-0

[Event "FIDE World Rapid Team"]
[Site "London ENG"]
[Date "2025.06.12"]
[Round "6.2"]
[White "Munkhdalai, Amilal"]
[Black "Jumabayev, Rinat"]
[Result "0-1"]
[WhiteTitle "IM"]
[BlackTitle "GM"]
[WhiteElo "2385"]
[BlackElo "2546"]
[WhiteTeam "Mongolia-A"]
[BlackTeam "Theme International Trading"]
[WhiteFideId "4903250"]
[BlackFideId "13702661"]
[EventDate "2025.06.11"]
[EventType "team"]

1. e4 e6 2. d4 d5 3. Nd2 c5 4. exd5 Qxd5 5. dxc5 Qxc5 6. Ngf3 Nf6 7. Bd3 Nbd7 8.
Qe2 Qc7 9. Ne4 Nd5 10. O-O Be7 11. Bg5 Bxg5 12. Nexg5 Nf4 13. Qd2 h6 14. Ne4 O-O
15. Rfd1 Nxd3 16. Qxd3 b6 17. c4 Bb7 18. Qxd7 Qxd7 19. Nf6+ gxf6 20. Rxd7 Bc6
21. Rd6 Rfc8 22. b3 Kf8 23. Nd4 Be8 24. Rd1 Ke7 25. Ne2 b5 26. cxb5 Bxb5 27.
R6d2 a5 28. f3 Rc5 29. Nd4 Be8 30. Rc2 Rd5 31. Rcd2 Rc8 32. Kf2 f5 33. Ne2 Rdc5
34. Ke3 Kf6 35. f4 Bc6 36. g3 Bd5 37. Rd4 h5 38. h4 Rg8 39. Kf2 Bb7 40. Rd7 Ba6
41. Ng1 Bb5 42. R7d2 Bc6 43. Nh3 Bd5 44. Ng5 Rgc8 45. Nf3 Ke7 46. Ne5 f6 47. Nf3
Rc2 48. Nd4 Rxd2+ 49. Rxd2 Be4 50. Nb5 Rc5 51. a4 Bd5 52. Nd4 Kf7 53. Ke3 Kg6
54. Rd3 Rc1 55. Kd2 Ra1 56. Kc3 Be4 57. Re3 e5 58. Ne2 Ra2 59. b4 Ra3+ 60. Kd2
Rxa4 61. bxa5 Rxa5 62. Ke1 Kf7 63. Rc3 Ke6 64. Kf2 Ra2 65. Ke3 Bg2 66. Rb3 Bf1
67. Nc3 Rg2 68. Rb6+ Kf7 69. Nd5 Re2+ 70. Kd3 Rg2+ 71. Ke3 Bc4 72. Rxf6+ Kg7 73.
fxe5 Bxd5 74. Kf4 Be4 75. Rd6 Kf7 76. Rd7+ Ke6 77. Rd6+ Ke7 78. Rg6 Bc2 79. e6
Kd6 80. Rh6 Rf2+ 81. Kg5 Rf3 82. Kf6 Re3 83. Rxh5 Rxe6+ 84. Kg7 Re7+ 85. Kf6
Re6+ 86. Kg7 Re3 87. Rg5 Re7+ 88. Kf6 Re6+ 89. Kg7 Ke5 90. h5 Re7+ 91. Kf8 Ra7
92. Rg6 f4 93. gxf4+ Kxf4 94. Rg1 Ke5 95. h6 Kf6 96. Ke8 Bf5 97. Rd1 Rh7 98. Kd8
Rxh6 99. Kc7 Ke5 100. Re1+ Be4 101. Kd7 Rh7+ 102. Kd8 Kd5 103. Rd1+ Kc6 104. Ke8
Bd5 105. Kf8 Rf7+ 106. Ke8 Ra7 107. Kf8 Kd6 108. Rf1 Be6 109. Rf2 Ke5 110. Rf1
Bf5 111. Ke8 Kf6 112. Rd1 Rc7 113. Rd2 Rc1 114. Rd6+ Be6 115. Rd2 Rc8+ 116. Rd8
Rc7 117. Rd1 Rc5 118. Rf1+ Bf5 119. Rd1 Rc3 120. Rd2 Rh3 121. Kd8 Rh7 122. Rd1
Be6 123. Rd2 Ke5 124. Rd1 Bd5 125. Ke8 Kd6 126. Rf1 Rg7 127. Rf2 Rg1 128. Rf6+
Be6 129. Rf2 Rg3 130. Rd2+ Bd5 131. Rf2 Rg7 132. Rf1 Ra7 133. Kf8 Ra8+ 134. Kg7
Rg8+ 135. Kh6 Rg2 136. Re1 Be6 137. Kh5 Ke7 138. Rf1 Rg3 139. Kh4 Rg4+ 140. Kh5
Rg8 141. Kh4 Kd6 142. Re1 Bf5 143. Kh5 Kd5 144. Re3 Be4 145. Kh6 Ke5 146. Re1
Kf6 147. Kh5 Bf5 148. Kh4 Rg4+ 149. Kh5 Rg3 150. Rh1 Rg8 0-1

[Event "FIDE World Rapid Team"]
[Site "London ENG"]
[Date "2025.06.12"]
[Round "6.3"]
[White "Tin, Jingyao"]
[Black "Munkhzul, Turmunkh"]
[Result "1-0"]
[WhiteTitle "GM"]
[BlackTitle "WGM"]
[WhiteElo "2583"]
[BlackElo "2236"]
[WhiteTeam "Theme International Trading"]
[BlackTeam "Mongolia-A"]
[WhiteFideId "5804418"]
[BlackFideId "4901878"]
[EventDate "2025.06.11"]
[EventType "team"]

1. d4 Nf6 2. c4 e6 3. Nc3 Bb4 4. e3 O-O 5. Bd3 d5 6. a3 Bxc3+ 7. bxc3 dxc4 8.
Bxc4 c5 9. Ne2 Qc7 10. Ba2 b6 11. O-O Bb7 12. Ng3 Nbd7 13. Re1 Rac8 14. e4 cxd4
15. cxd4 Qc2 16. f3 Rfd8 17. Qxc2 Rxc2 18. Bb3 Rc3 19. Re3 Rdc8 20. Ne2 Rxe3 21.
Bxe3 Kf8 22. g4 Ne8 23. Kf2 Nd6 24. Rc1 Rxc1 25. Bxc1 Bc6 26. a4 Ke8 27. Ba3 Nc8
28. Nc3 Nb8 29. Ke3 Bd7 30. d5 e5 31. Bc4 f6 32. h4 g6 33. g5 Kf7 34. gxf6 Kxf6
35. f4 a6 36. fxe5+ Kxe5 37. Bb2 Kd6 38. Kd4 Bg4 39. e5+ Kc7 40. Ne4 Bd1 41. d6+
Kd8 42. e6 Bxa4 43. Ke3 b5 44. Bd5 Nb6 45. e7+ 1-0

[Event "FIDE World Rapid Team"]
[Site "London ENG"]
[Date "2025.06.12"]
[Round "6.4"]
[White "Gan-Od, Sereenen"]
[Black "Le, Tuan Minh"]
[Result "1/2-1/2"]
[WhiteTitle "FM"]
[BlackTitle "GM"]
[WhiteElo "2320"]
[BlackElo "2598"]
[WhiteTeam "Mongolia-A"]
[BlackTeam "Theme International Trading"]
[WhiteFideId "4901304"]
[BlackFideId "12401153"]
[EventDate "2025.06.11"]
[EventType "team"]

1. e4 e5 2. Nf3 Nc6 3. Bc4 Bc5 4. c3 Nf6 5. d4 exd4 6. cxd4 Bb4+ 7. Bd2 Bxd2+ 8.
Nbxd2 d5 9. exd5 Nxd5 10. Qb3 Nce7 11. O-O O-O 12. Rfe1 c6 13. a4 Ng6 14. a5 Rb8
15. Ne5 Nxe5 16. dxe5 Be6 17. Ne4 Qe7 18. Qg3 Rbd8 19. a6 bxa6 20. Bxd5 Bxd5 21.
Nf6+ Kh8 22. Nh5 Rg8 23. Rxa6 Rb8 24. Qe3 Rb3 25. Qd4 Rb4 26. Qxa7 Qg5 27. Ng3
Rxb2 28. Qd4 Rd2 29. Qa4 Ra2 30. Qxa2 Bxa2 31. Rxa2 Re8 32. Ra7 h5 33. Rxf7 h4
34. Nf1 h3 35. g3 Kg8 36. Rb7 Qh5 37. Re3 Rxe5 38. g4 Qe8 39. Rxh3 Re1 40. Re3
Rxe3 41. Nxe3 c5 42. Rc7 Qe5 43. Rc8+ Kf7 44. h4 g6 45. g5 Kg7 46. Rc6 Qa1+ 47.
Kh2 Qe5+ 48. Kg1 Qa1+ 49. Kh2 Qe5+ 50. Kh3 Qf4 51. Rf6 Qe4 52. Kg3 Qe5+ 53. Rf4
Qb8 54. Kf3 Qb7+ 55. Re4 Qa8 56. Nc4 Qb7 57. Ke3 Qb3+ 58. Kf4 Qb8+ 59. Ne5 Qb2
60. f3 Qd2+ 61. Kg3 Qd6 62. Kf2 Qd2+ 63. Kg3 Qd6 64. Kg4 Qe6+ 65. Kf4 Qd6 66.
Ke3 Qd1 67. Kf4 Qd6 68. Kg4 Qe6+ 69. Kg3 Qd6 70. f4 Qd2 71. Kf3 Qd5 72. Ke3 Qb3+
73. Kd2 Qb2+ 74. Ke3 1/2-1/2

[Event "FIDE World Rapid Team"]
[Site "London ENG"]
[Date "2025.06.12"]
[Round "6.5"]
[White "Gong, Qianyun"]
[Black "Uuriintuya, Uurtsaikh"]
[Result "1-0"]
[WhiteTitle "WGM"]
[BlackTitle "WGM"]
[WhiteElo "2228"]
[BlackElo "2141"]
[WhiteTeam "Theme International Trading"]
[BlackTeam "Mongolia-A"]
[WhiteFideId "8602425"]
[BlackFideId "4900227"]
[EventDate "2025.06.11"]
[EventType "team"]

1. e4 c5 2. Nf3 Nc6 3. Bb5 d6 4. d4 cxd4 5. Qxd4 Bd7 6. Bxc6 Bxc6 7. Nc3 Nf6 8.
Bg5 h6 9. Bh4 e6 10. O-O-O Be7 11. Rhe1 Qc7 12. Bg3 e5 13. Qd3 O-O-O 14. Qc4
Rhf8 15. Qb3 Kb8 16. Kb1 a6 17. Nd2 Bd7 18. Nc4 Be6 19. Nd5 Bxd5 20. exd5 Nd7
21. f4 e4 22. f5 Rfe8 23. Qb4 Nc5 24. Na5 Ka8 25. Nb3 Bf6 26. Bxd6 Rxd6 27. Qxc5
Qd7 28. g4 h5 29. h3 hxg4 30. hxg4 g6 31. fxg6 fxg6 32. c4 Bh4 33. Rh1 Bg3 34.
Qe3 Be5 35. Nc5 Qxg4 36. Qxe4 Qc8 37. Ne6 Rdxe6 38. dxe6 Rxe6 39. Rhe1 Qc7 40.
Rd5 Bg3 41. Qxe6 Bxe1 42. Qxe1 g5 43. Qe8+ Ka7 44. Qe3+ Ka8 45. Rxg5 Qh7+ 46.
Kc1 Kb8 47. Qf4+ Ka7 48. Qd4+ Kb8 49. Qd5 Qh6 50. a3 Ka7 51. Kb1 Qh7+ 52. Ka2
Kb8 53. Rg8+ Ka7 54. Qd4+ b6 55. Rg7+ 1-0

[Event "FIDE World Rapid Team"]
[Site "London ENG"]
[Date "2025.06.12"]
[Round "6.6"]
[White "Han, Qixuan"]
[Black "Zhang, Changjie"]
[Result "0-1"]
[WhiteElo "1896"]
[BlackElo "1808"]
[WhiteTeam "Mongolia-A"]
[BlackTeam "Theme International Trading"]
[WhiteFideId "496944"]
[BlackFideId "5801877"]
[EventDate "2025.06.11"]
[EventType "team"]

1. Nf3 e6 2. e3 b6 3. c4 Nf6 4. Nc3 Bb7 5. d4 Bb4 6. Bd2 Bxc3 7. Bxc3 Ne4 8. Qc2
O-O 9. Bd3 f5 10. O-O-O d6 11. Kb1 Nd7 12. h4 Ndf6 13. Ng5 Qe7 14. Nxe4 Nxe4 15.
f3 Nxc3+ 16. Qxc3 c5 17. h5 e5 18. h6 g6 19. d5 a6 20. g4 f4 21. Qc2 Qe8 22. Qg2
fxe3 23. Rh5 Rf4 24. Rdh1 Qf7 25. R5h3 Rf8 26. Be4 b5 27. cxb5 axb5 28. Rd1 b4
29. Qe2 Ra8 30. Qxe3 Qc7 31. b3 c4 32. Rc1 c3 33. Rc2 Qa5 34. Qd3 Qc5 35. Bxg6
Bxd5 36. Bxh7+ Kh8 37. Qg6 Qg1+ 38. Rc1 Qa7 39. Rh2 Qxh7 40. Qxh7+ Kxh7 41. Rd1
Bxf3 42. Rxd6 Be4+ 43. Kc1 Rf1+ 44. Rd1 Rxd1+ 45. Kxd1 Bf3+ 46. Kc1 Bxg4 47. Rh4
Rg8 48. Rh1 e4 49. Re1 Bf3 50. Kb1 Kxh6 51. a4 bxa3 52. Ka2 c2 53. Kxa3 Bd1 54.
Kb2 Ra8 55. Rxe4 Ra2+ 56. Kxa2 c1=Q 57. Rc4 Qd2+ 58. Ka3 Qd6+ 59. Kb2 Kg5 60.
Ra4 Qc6 61. Rc4 Qb5 62. Rc3 Kf5 63. Ka3 Ke5 64. Kb2 Kd5 65. Re3 Kd4 66. Rh3 Qe2+
67. Ka3 Qe7+ 68. Kb2 Qe6 69. Rh4+ Kc5 70. Rc4+ Kb5 71. Rc3 Qe2+ 72. Ka3 Qd2 73.
Rc4 Qd6+ 74. Kb2 Qd3 75. Rc3 Qd2+ 76. Ka3 Qxc3 77. Ka2 Qxb3+ 78. Ka1 Qb4 79. Ka2
Kc4 80. Ka1 Kc3 81. Ka2 Qb2# 0-1

[Event "FIDE World Rapid Team"]
[Site "London ENG"]
[Date "2025.06.12"]
[Round "6.1"]
[White "Gurevich, Ilya"]
[Black "Chinguun, Sumiya"]
[Result "0-1"]
[WhiteTitle "GM"]
[BlackTitle "FM"]
[WhiteElo "2586"]
[BlackElo "2415"]
[WhiteTeam "e-therapeutics"]
[BlackTeam "The MongolZ"]
[WhiteFideId "2000628"]
[BlackFideId "4902572"]
[EventDate "2025.06.11"]
[EventType "team"]

1. e4 c5 2. Nf3 d6 3. Nc3 Nf6 4. e5 dxe5 5. Nxe5 e6 6. g3 Nbd7 7. Nc4 Rb8 8. a4
Be7 9. Bg2 O-O 10. d3 Nb6 11. O-O Nbd5 12. Ne4 b6 13. a5 b5 14. Ne5 Qc7 15.
Nxf6+ Bxf6 16. Ng4 Qd8 17. Nxf6+ Qxf6 18. Re1 Bb7 19. a6 Bc6 20. Qh5 c4 21. dxc4
bxc4 22. c3 h6 23. Qg4 Bb5 24. Bxd5 exd5 25. Be3 Bxa6 26. Bd4 Bc8 27. Qe2 Qg6
28. Bxa7 Rb5 29. Bd4 Bg4 30. f3 Be6 31. Qf2 Rfb8 32. Re2 R5b7 33. Ra6 Qb1+ 34.
Re1 Qxb2 35. Qxb2 Rxb2 36. g4 Rc2 37. Rf1 Rb3 38. Ra8+ Kh7 39. Ra7 Rbxc3 40.
Bxc3 Rxc3 41. Kf2 d4 42. Rd1 Rc2+ 43. Kg3 d3 44. Kf4 d2 45. Ke3 c3 46. Raa1 Rb2
47. Kd3 c2 0-1

[Event "FIDE World Rapid Team"]
[Site "London ENG"]
[Date "2025.06.12"]
[Round "6.2"]
[White "Reimanis, Ritvars"]
[Black "Williams, Simon K"]
[Result "0-1"]
[WhiteTitle "IM"]
[BlackTitle "GM"]
[WhiteElo "2355"]
[BlackElo "2444"]
[WhiteTeam "The MongolZ"]
[BlackTeam "e-therapeutics"]
[WhiteFideId "11602988"]
[BlackFideId "404454"]
[EventDate "2025.06.11"]
[EventType "team"]

1. d4 e6 2. Nf3 f5 3. g3 Nf6 4. Bg2 d5 5. O-O Be7 6. c4 Ne4 7. Ne5 Nd7 8. Nxd7
Bxd7 9. cxd5 exd5 10. Qb3 Bc6 11. Nc3 a5 12. a4 Bf6 13. Rd1 Qd7 14. Bf4 Qf7 15.
Nb5 Bd8 16. Qd3 O-O 17. f3 Ng5 18. Nxc7 Bxc7 19. Bxg5 f4 20. Bxf4 Bxf4 21. gxf4
Qxf4 22. Qd2 Qh4 23. Qe1 Qh6 24. e4 Rae8 25. e5 Re6 26. Qd2 Rf4 27. Kh1 Qh4 28.
Bh3 Rg6 29. Bg4 Rgxg4 30. fxg4 Rf2 31. Qxf2 Qxf2 32. Ra3 Be8 0-1

[Event "FIDE World Rapid Team"]
[Site "London ENG"]
[Date "2025.06.12"]
[Round "6.3"]
[White "Norwood, David R"]
[Black "Itgelt, Khuyagtsogt"]
[Result "1-0"]
[WhiteTitle "GM"]
[BlackTitle "IM"]
[WhiteElo "2494"]
[BlackElo "2425"]
[WhiteTeam "e-therapeutics"]
[BlackTeam "The MongolZ"]
[WhiteFideId "400106"]
[BlackFideId "4902912"]
[EventDate "2025.06.11"]
[EventType "team"]

1. g3 d5 2. Bg2 Nf6 3. c4 e6 4. Nf3 dxc4 5. O-O a6 6. a4 Nbd7 7. Qc2 Rb8 8. Qxc4
b5 9. axb5 axb5 10. Qc2 Bb7 11. d3 Be7 12. Bf4 Nd5 13. Bd2 O-O 14. Nd4 Ba8 15.
e4 N5f6 16. Rc1 Ne5 17. Be3 c5 18. Nb3 Nxd3 19. Rd1 c4 20. Nc1 Nb4 21. Qe2 Qc7
22. Nc3 Bc6 23. b3 Qe5 24. Bd4 Qh5 25. Bf3 Qg6 26. Ra7 Rb7 27. Rxb7 Bxb7 28. e5
Bxf3 29. Qxf3 Nfd5 30. Nxb5 cxb3 31. Nxb3 Rb8 32. Nd6 Nc6 33. Nc5 h5 34. Nce4
Rb4 35. Ba1 h4 36. Rc1 Bxd6 37. exd6 Rxe4 38. Rxc6 h3 39. Qd1 Nf6 40. Bxf6 Qxf6
41. d7 Qf3 42. d8=Q+ Kh7 43. Qh4+ Kg6 44. Qxe4+ Qxe4 45. Qc2 Kf5 46. Qxe4+ Kxe4
47. Rc7 1-0

[Event "FIDE World Rapid Team"]
[Site "London ENG"]
[Date "2025.06.12"]
[Round "6.4"]
[White "Nomin-Erdene, Davaademberel"]
[Black "Mortazavi, Ali"]
[Result "1-0"]
[WhiteTitle "IM"]
[BlackTitle "IM"]
[WhiteElo "2293"]
[BlackElo "2333"]
[WhiteTeam "The MongolZ"]
[BlackTeam "e-therapeutics"]
[WhiteFideId "4900782"]
[BlackFideId "401323"]
[EventDate "2025.06.11"]
[EventType "team"]

1. e4 c6 2. d4 d5 3. Nc3 dxe4 4. Nxe4 Nf6 5. Nxf6+ exf6 6. c3 Bd6 7. Bd3 O-O 8.
Qc2 Re8+ 9. Ne2 h5 10. O-O h4 11. h3 Nd7 12. Bd2 Nf8 13. Rae1 c5 14. d5 a6 15.
c4 Bd7 16. a4 Rc8 17. Nc3 Be5 18. f4 Bd4+ 19. Kh1 Qb6 20. b3 g6 21. f5 g5 22.
Ne4 Nh7 23. a5 Qc7 24. Qd1 b5 25. Qh5 bxc4 26. Bxc4 Bb5 27. d6 Qb7 28. Qg6+ Kh8
29. Qxf7 Qxf7 30. Bxf7 Bxf1 31. d7 Bb5 32. Bxe8 Rd8 33. Nd6 1-0

[Event "FIDE World Rapid Team"]
[Site "London ENG"]
[Date "2025.06.12"]
[Round "6.5"]
[White "Sivanandan, Bodhana"]
[Black "Ulziikhishig Khishigbat"]
[Result "0-1"]
[WhiteTitle "WFM"]
[BlackTitle "FM"]
[WhiteElo "2109"]
[BlackElo "2266"]
[WhiteTeam "e-therapeutics"]
[BlackTeam "The MongolZ"]
[WhiteFideId "497592"]
[BlackFideId "4908120"]
[EventDate "2025.06.11"]
[EventType "team"]

1. e4 e5 2. Nf3 Nc6 3. Nc3 Nf6 4. d4 exd4 5. Nxd4 Bb4 6. Nxc6 bxc6 7. Bd3 d5 8.
exd5 cxd5 9. O-O O-O 10. h3 h6 11. Qf3 Be6 12. Bf4 c5 13. Rad1 d4 14. Ne4 c4 15.
Be2 Nxe4 16. Qxe4 Bc5 17. Bf3 Qb6 18. b3 Rae8 19. Qc6 Bf5 20. Rde1 Qxc6 21. Bxc6
Rxe1 22. Rxe1 Bxc2 23. bxc4 Bb4 24. Rf1 d3 25. Bf3 Rc8 26. Be3 a5 27. Bd5 d2 28.
Bf3 Rxc4 29. Kh2 a4 30. Bd1 Bxd1 31. Rxd1 Rc2 32. a3 Bxa3 33. Bxd2 Bb2 34. Bb4
a3 35. Rd8+ Kh7 36. Ra8 a2 37. Rxa2 Be5+ 38. g3 Rxa2 39. Kg2 Bd4 40. Be1 f5 41.
g4 fxg4 42. hxg4 Kg6 43. Kg3 Re2 44. Bb4 Rxf2 0-1

[Event "FIDE World Rapid Team"]
[Site "London ENG"]
[Date "2025.06.12"]
[Round "6.6"]
[White "Araya Fuentes, Cristian"]
[Black "Mortazavi, Sami"]
[Result "1/2-1/2"]
[WhiteElo "1921"]
[BlackElo "1805"]
[WhiteTeam "The MongolZ"]
[BlackTeam "e-therapeutics"]
[WhiteFideId "6502946"]
[BlackFideId "343443834"]
[EventDate "2025.06.11"]
[EventType "team"]

1. Nf3 g6 2. g3 Bg7 3. Bg2 d6 4. O-O Nf6 5. d3 O-O 6. e4 h6 7. h3 e5 8. Be3 c6
9. c3 Nbd7 10. a4 a5 11. Na3 Re8 12. Nc4 d5 13. Nd6 Re6 14. Nxc8 Rxc8 15. Nd2
Re8 16. Qb3 dxe4 17. dxe4 Qc7 18. Rad1 Bf8 19. Nc4 Nc5 20. Qc2 b5 21. axb5 cxb5
22. Nd2 a4 23. Rfe1 Rcd8 24. Bf1 Qb7 25. Bxc5 Be7 26. Bd6 Bxd6 27. b3 Bc5 28.
Re2 Qb6 29. b4 1/2-1/2

[Event "FIDE World Rapid Team"]
[Site "London ENG"]
[Date "2025.06.12"]
[Round "6.1"]
[White "Orozbaev, Eldiyar"]
[Black "Samadov, Read"]
[Result "0-1"]
[WhiteTitle "IM"]
[BlackTitle "IM"]
[WhiteElo "2367"]
[BlackElo "2522"]
[WhiteTeam "Noval Group Kyrgyzstan"]
[BlackTeam "Rookies"]
[WhiteFideId "13802240"]
[BlackFideId "13417444"]
[EventDate "2025.06.11"]
[EventType "team"]

1. e4 c5 2. c3 d5 3. exd5 Qxd5 4. d4 g6 5. Nf3 Bg7 6. Nbd2 cxd4 7. Bc4 Qc5 8.
Qb3 Nh6 9. Ne4 Qb6 10. Nxd4 O-O 11. Qxb6 axb6 12. Bg5 Nc6 13. Nxc6 bxc6 14. Bxe7
Re8 15. O-O-O Bg4 16. Nf6+ Bxf6 17. Bxf6 Bxd1 18. Rxd1 Ng4 19. Bh4 b5 20. Bb3
Re2 21. Rd6 Nxf2 22. Rd7 Rf8 23. Bg5 c5 24. Bh6 c4 25. Bd1 Nxd1 26. Bxf8 Kxf8
27. Rxd1 Rxg2 28. Rd5 Rxh2 29. Rxb5 h5 30. Kd1 h4 31. Ke1 h3 32. Kf1 Rg2 33.
Rb8+ Kg7 34. Rc8 Rg4 0-1

[Event "FIDE World Rapid Team"]
[Site "London ENG"]
[Date "2025.06.12"]
[Round "6.2"]
[White "Shogdzhiev, Roman"]
[Black "Degenbaev, Aziz"]
[Result "1-0"]
[WhiteTitle "FM"]
[BlackTitle "FM"]
[WhiteElo "2402"]
[BlackElo "2286"]
[WhiteTeam "Rookies"]
[BlackTeam "Noval Group Kyrgyzstan"]
[WhiteFideId "55653537"]
[BlackFideId "13802640"]
[EventDate "2025.06.11"]
[EventType "team"]

1. e4 e6 2. d4 d5 3. Nc3 Nf6 4. e5 Nfd7 5. f4 c5 6. Nf3 Nc6 7. Be3 Be7 8. Qd2
O-O 9. dxc5 Nxc5 10. O-O-O a6 11. Qf2 Qa5 12. a3 Na4 13. Nxa4 Qxa4 14. Bd3 Bd7
15. h4 b5 16. h5 b4 17. b3 Qxa3+ 18. Kb1 Rfc8 19. g4 Nd8 20. h6 g6 21. f5 Bb5
22. fxg6 Bxd3 23. gxf7+ Nxf7 24. Rxd3 Rc3 25. Bc1 Qa5 26. Rxc3 bxc3 27. g5 Ba3
28. g6 Bxc1 29. gxf7+ Kf8 30. Qg1 Bxh6 31. Qg8+ Ke7 32. Qxa8 1-0

[Event "FIDE World Rapid Team"]
[Site "London ENG"]
[Date "2025.06.12"]
[Round "6.3"]
[White "Zhakshylykov, Erzhan"]
[Black "Royal, Shreyas"]
[Result "1/2-1/2"]
[WhiteTitle "IM"]
[BlackTitle "GM"]
[WhiteElo "2362"]
[BlackElo "2492"]
[WhiteTeam "Noval Group Kyrgyzstan"]
[BlackTeam "Rookies"]
[WhiteFideId "13804111"]
[BlackFideId "448869"]
[EventDate "2025.06.11"]
[EventType "team"]

1. d4 Nf6 2. c4 e6 3. g3 d5 4. Bg2 Bb4+ 5. Nd2 O-O 6. Nf3 b6 7. O-O Bb7 8. cxd5
exd5 9. a3 Bd6 10. Ne5 c5 11. Ndc4 Bc7 12. Bg5 h6 13. Bxf6 Qxf6 14. Ne3 Rd8 15.
f4 Qe6 16. Qd2 Bxe5 17. dxe5 Na6 18. Rad1 Nc7 19. Qc2 f6 20. Qg6 Qf7 21. Qg4 h5
22. Qh4 Ne8 23. Bf3 g6 24. f5 g5 25. Qxh5 Qxh5 26. Bxh5 d4 27. Ng4 fxe5 28. f6
Nd6 29. Nxe5 Bd5 30. h4 gxh4 31. gxh4 Nc4 32. Nxc4 Bxc4 33. Kh2 Kh7 34. Rg1 Rg8
35. Rg5 Kh6 36. Bf3 Raf8 37. Rdg1 Bf7 38. R1g3 Re8 39. Rg7 Rxg7 40. Rxg7 Bh5 41.
Re7 Rxe7 42. fxe7 Be8 43. Kg3 Kg7 44. h5 Kf6 45. h6 Kg6 46. Kf4 Kxh6 47. Ke5 Kg6
48. Ke6 Kg5 49. Kd6 Kf6 50. b3 1/2-1/2